000 00556nam a2200205Ia 4500
005 20250923144434.0
008 008 250917s9999 xx 000 0 eng d
037 _aTextual
040 _aDSWL
_beng
_cDSWL
041 _aeng
_2eng
084 _aX9:81:2:N45, J0
_qDSWL
100 _aMEHTA, A.
_9824905
245 0 _aWho owns India?
_cby A. MEHTA
260 _aHyderabad
_bChetana Prakashan
_c1950
300 _a53 p.
365 _aINR
_b2
925 _g2
942 _cTEXL
_hX9:81:2:N45, J0
999 _c1438898
_d1438898